1374 1030 1327 1519 1231 1297 1425 1845 1628 1329 1145 1009 1678 1477 1517 1566 1039 1576 1299 1607 1601 1724 1934 1944 1206 1729 1774 1574 1891 1872 1794 1299 1033 1200 1970 1864 1711 1597 1157 1206 1815 1716 1673 1039 1341 1971 1348 1968 1144 1715 1975 1686 1166 1330 1825 1687 1471 1227 1692 1707 1179 1167 1947 1910 1303 1206 1202 1963 1175 1693 1829 1639 1783 1442 1134 1508 1826 1841 1811 1864 1374 1391 1962 1946 1647 1136 1018 1775 1643 1277 1365 1089 1460 1964 1680 1385 1899 1630 1130 BCNSPRNW ULIB Ver.6.0+V

เปลี่ยนเป็นภาษาไทย

Change to English
 แสดงรายละเอียดบรรณานุกรม
  กลับหน้าหลัก

Brief Record : Get Marc (ISO 2709) : E-mail record : QR code < ปิดหน้าต่าง
LEADER : 00000nam 2200000uu 4500
001    13399124450
003     ULIB
008    150722s2557||||th 000 0 tha d
020    ^a9786162795220
060  4 ^aWY160^bว815ก
245 10 ^aการพยาบาลจิตเวชศาสตร์ :^bPsychiatric Nursing/^cบรรณาธิการ อัจฉราพร สี่หิรัญวงศ์ และคนอื่นๆ.
250    ^aพิมพ์ครั้งที่ 1.
260    ^aนครปฐม:^bสายธุรกิจโรงพิมพ์,^c2557.
300    ^a534 หน้า.:^bภาพประกอบ
505 0  ^a^tหน่วยที่ 1 แนวคิดพื้นฐานทางการพยาบาลสุขภาพจิตและจิตเวช--^tหน่วยที่ 2
650  7 ^aการพยาบาลจิตเวช.
700 0  ^aอัจฉราพร สี่หิรัญวงศ์ ^eบรรณาธิการ
700 0  ^aประภา ยุทธไตร ^eบรรณาธิการ
700 0  ^aพวงเพชร เกษรสมุทร^eบรรณาธิการ
700 0  ^aวารีรัตน์ ถาน้อย^eบรรณาธิการ
945    ^p300^l0^i039661
945    ^p300^l0^i039662
945    ^p300^l0^i039663
945    ^p300^l0^i039664
945    ^p300^l0^i039665
945    ^p300^l0^i039666
945    ^p300^l0^i039668
945    ^p300^l0^i039669
945    ^p300^l0^i039670
945    ^p300^l0^i039750
945    ^p300^l0^i039751
945    ^p300^l0^i039752
945    ^p300^l0^i039753
945    ^p300^l0^i039754
945    ^p300^l0^i039755
999    ^aเกษร โพธิ์สุวรรณ
รายการนี้ยังไม่มีแท็ก
คุณยังไม่ได้ล็อกอิน คุณสามารถมีกิจกรรมร่วมกับเว็บไซต์ได้ แต่ต้องล็อกอินก่อน ::
  ล็อกอิน

รายการสื่อสารสนเทศ

ลำดับที่ ประเภท เลขเรียก/บาร์โค้ด สถานที่ สถานะ
1. วิทยาศาสตร์การแพทย์ และสุขภาพ
หนังสือสำรอง
สถานะ=หนังสือสำรอง
WY160 ว815ก ฉ.1 
  Barcode: 039661
ห้องสมุดวิทยาเขตสวรรค์ประชารักษ์
►หนังสือทั่วไป
บนชั้น
2. Book การพยาบาล
Book การพยาบาล
WY160 ว815ก ฉ.10 
  Barcode: 039750
ห้องสมุดวิทยาเขตสวรรค์ประชารักษ์
►หนังสือทั่วไป
บนชั้น
3. Book การพยาบาล
Book การพยาบาล
WY160 ว815ก ฉ.11 
  Barcode: 039751
ห้องสมุดวิทยาเขตสวรรค์ประชารักษ์
►หนังสือทั่วไป
บนชั้น
4. Book การพยาบาล
Book การพยาบาล
WY160 ว815ก ฉ.12 
  Barcode: 039752
ห้องสมุดวิทยาเขตสวรรค์ประชารักษ์
►หนังสือทั่วไป
บนชั้น
5. Book การพยาบาล
Book การพยาบาล
WY160 ว815ก ฉ.13 
  Barcode: 039753
ห้องสมุดวิทยาเขตสวรรค์ประชารักษ์
►หนังสือทั่วไป
ถูกยืม กำหนดส่งวันที่ 12 มกราคม 2567
  จอง
6. Book การพยาบาล
Book การพยาบาล
WY160 ว815ก ฉ.14 
  Barcode: 039754
ห้องสมุดวิทยาเขตสวรรค์ประชารักษ์
►หนังสือทั่วไป
บนชั้น
7. Book การพยาบาล
Book การพยาบาล
WY160 ว815ก ฉ.15 
  Barcode: 039755
ห้องสมุดวิทยาเขตสวรรค์ประชารักษ์
►หนังสือทั่วไป
บนชั้น
8. วิทยาศาสตร์การแพทย์ และสุขภาพ
วิทยาศาสตร์การแพทย์ และสุขภาพ
WY160 ว815ก ฉ.2 
  Barcode: 039662
ห้องสมุดวิทยาเขตสวรรค์ประชารักษ์
►หนังสือทั่วไป
บนชั้น
9. วิทยาศาสตร์การแพทย์ และสุขภาพ
วิทยาศาสตร์การแพทย์ และสุขภาพ
WY160 ว815ก ฉ.3 
  Barcode: 039663
ห้องสมุดวิทยาเขตสวรรค์ประชารักษ์
►หนังสือทั่วไป
บนชั้น
10. วิทยาศาสตร์การแพทย์ และสุขภาพ
วิทยาศาสตร์การแพทย์ และสุขภาพ
WY160 ว815ก ฉ.4 
  Barcode: 039664
ห้องสมุดวิทยาเขตสวรรค์ประชารักษ์
►หนังสือทั่วไป
บนชั้น
11. วิทยาศาสตร์การแพทย์ และสุขภาพ
วิทยาศาสตร์การแพทย์ และสุขภาพ
WY160 ว815ก ฉ.5 
  Barcode: 039665
ห้องสมุดวิทยาเขตสวรรค์ประชารักษ์
►หนังสือทั่วไป
ถูกยืม กำหนดส่งวันที่ 7 มีนาคม 2565
  จอง
12. วิทยาศาสตร์การแพทย์ และสุขภาพ
วิทยาศาสตร์การแพทย์ และสุขภาพ
WY160 ว815ก ฉ.6 
  Barcode: 039666
ห้องสมุดวิทยาเขตสวรรค์ประชารักษ์
►หนังสือทั่วไป
บนชั้น
13. วิทยาศาสตร์การแพทย์ และสุขภาพ
วิทยาศาสตร์การแพทย์ และสุขภาพ
WY160 ว815ก ฉ.7 
  Barcode: 039668
ห้องสมุดวิทยาเขตสวรรค์ประชารักษ์
►หนังสือทั่วไป
บนชั้น
14. วิทยาศาสตร์การแพทย์ และสุขภาพ
วิทยาศาสตร์การแพทย์ และสุขภาพ
WY160 ว815ก ฉ.8 
  Barcode: 039669
ห้องสมุดวิทยาเขตสวรรค์ประชารักษ์
►หนังสือทั่วไป
ถูกยืม กำหนดส่งวันที่ 23 พฤศจิกายน 2561
  จอง
15. วิทยาศาสตร์การแพทย์ และสุขภาพ
วิทยาศาสตร์การแพทย์ และสุขภาพ
WY160 ว815ก ฉ.9 
  Barcode: 039670
ห้องสมุดวิทยาเขตสวรรค์ประชารักษ์
►ส่วนจัดเก็บหนังสือเก่า สปร
บนชั้น
  ขอยืม

รายการใกล้เคียง
    หัวเรื่อง [การพยาบาลจิตเวช.]

BibComment


ยังไม่เคยถูกคอมเมนท์

คอมเมนท์ทรัพยากรรายการนี้
  คอมเมนท์: การพยาบาลจิตเวชศ..


 Copyright 2026. Bcnsprnw @Library